La tradición liberal en el pensamiento de los Estados Unidos / (Record no. 22221)
[ view plain ]
| 000 -CABECERA | |
|---|---|
| campo de control de longitud fija | 00873nam a2200229 a 4500 |
| 001 - NÚMERO DE CONTROL | |
| campo de control | 000022724 |
| 005 - FECHA Y HORA DE LA ÚLTIMA TRANSACCIÓN | |
| campo de control | 20250909115816.0 |
| 008 - DATOS DE LONGITUD FIJA--INFORMACIÓN GENERAL | |
| campo de control de longitud fija | 101116s1972 sp 000 0 spa d |
| 040 ## - FUENTE DE LA CATALOGACIÓN | |
| Centro catalogador/agencia de origen | DO-SdBNP |
| Lengua de catalogación | spa |
| Centro/agencia transcriptor | BNPHU |
| 041 17 - CÓDIGO DE LENGUA | |
| Código de lengua del texto/banda sonora o título independiente | spa |
| Código de lengua original | eng |
| Fuente del código | Código de idiomas MARC |
| 082 ## - NÚMERO DE LA CLASIFICACIÓN DECIMAL DEWEY | |
| Número de clasificación | 320.510973 |
| Número de documento/Ítem | T763l |
| 049 ## - FONDOS LOCALES (OCLC) | |
| Fondos de biblioteca | BNGR |
| 245 03 - MENCIÓN DE TÍTULO | |
| Título | La tradición liberal en el pensamiento de los Estados Unidos / |
| Mención de responsabilidad, etc. | selección y edición de Walter E. Volkomer ; traducción de Carlos Gerhard. |
| 260 ## - PUBLICACIÓN, DISTRIBUCIÓN, ETC. | |
| Lugar de publicación, distribución, etc. | México, D. F. : |
| Nombre del editor, distribuidor, etc. | Editores Asociados, |
| Fecha de publicación, distribución, etc. | 1972. |
| 300 ## - DESCRIPCIÓN FÍSICA | |
| Extensión | 355 p. ; |
| Dimensiones | 23 cm. |
| 534 ## - NOTA SOBRE LA VERSIÓN ORIGINAL | |
| Encabezamiento principal del original | Título de la obra en inglés : |
| Mención de título del original | The liberal tradition in american thought |
| 650 #4 - PUNTO DE ACCESO ADICIONAL DE MATERIA--TÉRMINO DE MATERIA | |
| Término de materia o nombre geográfico como elemento de entrada | Liberalismo |
| Subdivisión geográfica | Estados Unidos |
| Subdivisión general | Historia |
| 9 (RLIN) | 46703 |
| 650 #0 - PUNTO DE ACCESO ADICIONAL DE MATERIA--TÉRMINO DE MATERIA | |
| Término de materia o nombre geográfico como elemento de entrada | Liberalismo |
| 9 (RLIN) | 5271 |
| 650 #4 - PUNTO DE ACCESO ADICIONAL DE MATERIA--TÉRMINO DE MATERIA | |
| Término de materia o nombre geográfico como elemento de entrada | Formas de gobierno |
| 9 (RLIN) | 2772 |
| 700 1# - PUNTO DE ACCESO ADICIONAL--NOMBRE DE PERSONA | |
| Nombre de persona | Volkomer, Walter E., |
| Término indicativo de función/relación | ed. |
| 9 (RLIN) | 46704 |
| 700 1# - PUNTO DE ACCESO ADICIONAL--NOMBRE DE PERSONA | |
| Nombre de persona | Gerhard, Carlos, |
| Término indicativo de función/relación | tr. |
| 9 (RLIN) | 5131 |
| Estado de retiro | Estado de pérdida | Restricciones de uso | No para préstamo | Código de colección | Localización permanente | Ubicación/localización actual | Ubicación en estantería | Fecha de adquisición | Número de inventario | Total de préstamos | Signatura topográfica completa | Código de barras | Fecha visto por última vez | Precio válido a partir de | Tipo de ítem Koha |
|---|---|---|---|---|---|---|---|---|---|---|---|---|---|---|---|
| Monografías: Libros y Folletos | General | General | En catalogación | 16.11.2010 | LF1 | 320.510973 T763l | 22724-10 | 25.06.2020 | 25.06.2020 | Préstamo en sala |
